Loading...

Quantum mechanics :

Bibliographic Details
Main Author: Swanson, D. G.
Format: Printed Book
Published: New York : Taylor & Francis, c2007.
Subjects:
LEADER 00478cam a2200145 a 4500
020 |a 1584887524 (alk. paper) 
082 0 0 |a 530.12  |b SWA/Q 
100 1 |a Swanson, D. G. 
245 1 0 |a Quantum mechanics : 
260 |a New York :  |b Taylor & Francis,  |c c2007. 
300 |a xi, 343 p. :  |b ill. ; 
650 0 |a Quantum theory. 
942 |c BK 
999 |c 57073  |d 57073 
952 |0 0  |1 0  |4 0  |6 530_120000000000000_SWA_Q  |7 0  |9 64118  |a KUCL  |b KUCL  |c Stack  |d 2019-04-22  |l 1  |o 530.12 SWA/Q  |p 48897  |r 2019-09-28  |s 2019-09-06  |y BK